000 00877nam a22002297a 4500
008 081020t xxu||||| |||| 00| 0 eng d
010 _aENG-84080
020 _a8176298891
020 _c850.00 (hb)
035 _aEN-67613
082 _a307.33212
245 _aRural tourism and tribal development /
_cedited by S B Verma, Shiw Kumar Jiloka and Potukuchi Thryambakam
260 _aNew Delhi
_bDeep and Deep Publications
_eF-159, Rajouri Garden, New Delhi-110027
260 _c2006
300 _axvii,374p
_c22cm
500 _aIncludes index
700 _aJiloka, Shiw Kumar
_ced
700 _aThryambakam, Potukuchi
_ced
700 _aVerma, S B
_ced
942 _2ddc
_cEN
_h307.33212
_mRUR
999 _c17047
_d17047